Taylor Swift - Devine la chanson sans indices #75 - Statistiques

Statistiques générales
  • Ce quiz a été pris 177 fois
  • Le résultat moyen est 356 sur 465
Statistiques - réponses
Réponse % Correct
a
99%
I
99%
I,
99%
the
98%
The
98%
you
98%
You
98%
me
97%
Oh,
97%
my
94%
in
93%
to
92%
we
92%
your
92%
Your
92%
And
90%
and
90%
do
90%
it
90%
It
90%
was
90%
We're
89%
were
89%
be
87%
too
87%
Too
87%
all
86%
all,
86%
I'm
86%
like
86%
So
86%
so
86%
are
85%
that
85%
there
85%
there,
85%
But
84%
but
84%
it's
83%
on
83%
when
83%
of
82%
this
82%
up
82%
well
82%
well,
82%
Well
82%
with
81%
know
80%
no
80%
why
80%
for
79%
remember
79%
again
78%
at
78%
can
78%
'Cause
77%
'cause
77%
got
76%
not
75%
could
74%
get
74%
night
74%
scarf
74%
walk
74%
now
73%
Now
73%
car,
72%
house
72%
still
72%
air
71%
cold
71%
left
71%
about
70%
here
70%
just
70%
long
70%
red
70%
sister's
70%
thing
70%
walked
70%
you've
70%
felt
69%
gone
69%
home
69%
lost
69%
door
68%
even
68%
by
67%
middle
67%
something
67%
down
66%
Down
66%
I'd
66%
street
66%
through
66%
from
65%
lookin'
65%
dancing
64%
more
64%
somehow
64%
little
63%
loved
63%
over
63%
can't
62%
ever
62%
sweet
62%
town
62%
light
61%
call
60%
drawer
60%
fine
60%
nothing
60%
Time
60%
after
59%
After
59%
cruel
59%
days
59%
disposition
59%
much
59%
piece
59%
break
58%
first
58%
kitchen
58%
one
58%
promise
58%
rare,
58%
being
57%
casually
57%
forget
56%
future
56%
hair,
56%
maybe
56%
Maybe
56%
old
56%
past
56%
stairs,
56%
thinking
56%
yeah
56%
else
55%
enough
55%
gaze
55%
honest
55%
name
55%
okay
55%
these
55%
told
55%
almost
54%
asked
54%
back
54%
Back
54%
'bout
54%
kid
54%
made
54%
magic's
54%
masterpiece
54%
needed
54%
translation
54%
used
54%
find
53%
very
53%
Wind
53%
getting
52%
paper
52%
picture
52%
turning
52%
lying
51%
mother's
51%
self
51%
team
51%
telling
51%
twin
51%
alone
50%
bed
50%
eyed
50%
into
50%
keep
50%
might
50%
own
50%
singing
50%
week
50%
glasses
49%
leaves
49%
place
49%
stories
49%
'til
49%
before
48%
known
48%
rid
48%
sized
48%
smells
48%
wide
48%
won't
48%
Autumn
47%
ball
47%
cheeks
47%
falling
47%
reminds
47%
'round
47%
trying
47%
Photo
46%
pieces
46%
ran
46%
real
46%
refrigerator
46%
innocence
45%
scared,
45%
tee
45%
things
45%
fly,
44%
Running
44%
album
43%
upstate
43%
counter
42%
tore
42%
paralyzed
37%
nights
35%
crumpled
34%
mail
34%
shirt
28%
plaid
25%
Aucun quiz correspondant
Distribution des résultats
% des personnes avec chaque résultat
Percentile par nombre de réponses
Votre historique - résultats
Vous n’avez pas pris ce quiz